Trường tình = L'école des femmes

Đã lưu trong:
Bibliografiske detaljer
Hovedforfatter: André Gide
Format: Bog
Sprog:Undetermined
Udgivet: Hà Nội Hội Nhà Văn 1999
Fag:
Tags: Tilføj Tag
Ingen Tags, Vær først til at tagge denne postø!
Thư viện lưu trữ: Trung tâm Học liệu Trường Đại học Cần Thơ
LEADER 00510nam a2200169Ia 4500
001 CTU_34439
008 210402s9999 xx 000 0 und d
082 |a 843.91 
082 |b G453 
100 |a André Gide 
245 0 |a Trường tình = L'école des femmes 
245 0 |c André Gide 
260 |a Hà Nội 
260 |b Hội Nhà Văn 
260 |c 1999 
650 |a french fiction - 20th century,french literature - 20th century 
980 |a Trung tâm Học liệu Trường Đại học Cần Thơ